Контурите на държавите в Океания - Statistics

General Stats
  • This quiz has been taken 15 times
  • The average score is 11 of 14
Answer Stats
Picture Answer % Correct
Австралия
100%
Нова Зеландия
100%
Фиджи
85%
Папуа Нова Гвинея
85%
Самоа
77%
Тонга
77%
Науру
77%
Палау
69%
Кирибати
69%
Вануату
69%
Микронезия
69%
Соломонови острови
62%
Тувалу
62%
Маршали
62%
No matching quizzes found
Score Distribution
Percent of People with Each Score
Percentile by Number Answered
Your Score History
You have not taken this quiz